书目信息 |
| 题名: |
隧道粉尘浓度场相似模化实验与数值模拟
|
|
| 作者: | 乔力伟, 著 | |
| 分册: | ||
| 出版信息: | 郑州 郑州大学出版社 2024.12 |
|
| 页数: | 140页 | |
| 开本: | 24cm | |
| 丛书名: | ||
| 单 册: | ||
| 中图分类: | U455 | |
| 科图分类: | ||
| 主题词: | 隧道施工--sui dao shi gong--粉尘--防治 | |
| 电子资源: | ||
| ISBN: | 978-7-5773-0359-8 | |
| 000 | 01549nam0 2200265 450 | |
| 001 | 97431 | |
| 005 | 20250919150955.70 | |
| 010 | @a978-7-5773-0359-8@dCNY49.00 | |
| 100 | @a20250110d2024 em y0chiy50 ea | |
| 101 | 0 | @achi |
| 102 | @aCN@b110000 | |
| 105 | @aak a 000yy | |
| 106 | @ar | |
| 106 | @ar | |
| 200 | 1 | @a隧道粉尘浓度场相似模化实验与数值模拟@Asui dao fen chen nong du chang xiang si mo hua shi yan yu shu zhi mo ni@f乔力伟著 |
| 210 | @a郑州@c郑州大学出版社@d2024.12 | |
| 215 | @a140页@c图@d24cm | |
| 314 | @a乔力伟, 男, 1985年生人, 陕西汉中人, 工学博士。2019年毕业于西南交通大学, 交通运输规划与管理专业, 研究方向为交通安全与环境工程。近三年主要从事交通运输规划、工程安全方向的研究, 发表专业领域文章20余篇, 以交通环境工程为主题主持市级科技攻关研究项目1项, 作为主要参与人参与省部级课题3项, 主持市厅级课题1项, 并担任市级科技特派员一职, 具有良好的科研基础, 今后将继续致力于推动交通环境方向的产业变革升级与转型。 | |
| 320 | @a有书目 (第129-140页) | |
| 330 | @a本书根据现阶段隧道开挖过程中粉尘防治技术现状存在的不足以及风幕隔离技术结构与相关设备上的局限性等问题, 本书提出了风幕通风方式, 该通风方式通过斜向射流形成的风幕对爆破粉尘进行隔离, 同时采用粉尘净化设备对隔离区内的含尘空气进行脱尘处理, 以达到快速降尘、降低污染及节省施工时间的目的。本书主要采用理论分析、现场测试、相似模化实验和数值模拟4种方法对施工隧道通风除尘效果进行相关研究。 | |
| 606 | 0 | @a隧道施工@Asui dao shi gong@x粉尘@x防治 |
| 690 | @aU455@v5 | |
| 701 | 0 | @a乔力伟,@Aqiao li wei@f1985-@4著 |
| 801 | 0 | @aCN@c20250909 |
| 905 | @a河南城建学院图书馆@dU455@eQ320@f1 | |
| 隧道粉尘浓度场相似模化实验与数值模拟/乔力伟著.-郑州:郑州大学出版社,2024.12 |
| 140页:图;24cm |
| ISBN 978-7-5773-0359-8:CNY49.00 |
| 本书根据现阶段隧道开挖过程中粉尘防治技术现状存在的不足以及风幕隔离技术结构与相关设备上的局限性等问题, 本书提出了风幕通风方式, 该通风方式通过斜向射流形成的风幕对爆破粉尘进行隔离, 同时采用粉尘净化设备对隔离区内的含尘空气进行脱尘处理, 以达到快速降尘、降低污染及节省施工时间的目的。本书主要采用理论分析、现场测试、相似模化实验和数值模拟4种方法对施工隧道通风除尘效果进行相关研究。 |
| ● |
| 相关链接 |
|
|
|
正题名:隧道粉尘浓度场相似模化实验与数值模拟
索取号:U455/Q320
 
预约/预借
| 序号 | 登录号 | 条形码 | 馆藏地/架位号 | 状态 | 备注 |
| 1 | 1638477 | 216384776 | 自科库501/501自科库 55排6列4层/ [索取号:U455/Q320] | 在馆 |